Front End For C Band Conical Beam Radars / (Record no. 212209)

000 -LEADER
fixed length control field 00766 a2200193 4500
003 - CONTROL NUMBER IDENTIFIER
control field NUST
005 - DATE AND TIME OF LATEST TRANSACTION
control field 20251218132146.0
040 ## - CATALOGING SOURCE
Transcribing agency Nust
082 ## - DEWEY DECIMAL CLASSIFICATION NUMBER
Classification number 621.382,NAW
100 ## - MAIN ENTRY--PERSONAL NAME
Personal name Nawaz, Muhammad Sabir Sultan (TCC-22)
9 (RLIN) 132434
245 ## - TITLE STATEMENT
Title Front End For C Band Conical Beam Radars /
Statement of responsibility, etc. Muhammad Sabir Sultan Nawaz, Ayesha Riaz and Hassan Aziz TCC-22
260 ## - PUBLICATION, DISTRIBUTION, ETC.
Place of publication, distribution, etc. Rawalpidi
Name of publisher, distributor, etc. MCS (NUST)
Date of publication, distribution, etc. 2014
300 ## - PHYSICAL DESCRIPTION
Extent x, 55 p.;
505 ## - FORMATTED CONTENTS NOTE
Formatted contents note Introduction (Page-1), Literature Review (Page-6), Design and Development (Page-20), project Analysis and Evaluation (Page-32), Electronic Beam Steering (Page-43), Bibliography (Page-51).
650 ## - SUBJECT ADDED ENTRY--TOPICAL TERM
Topical term or geographic name entry element UG Projects
9 (RLIN) 98716
651 ## - SUBJECT ADDED ENTRY--GEOGRAPHIC NAME
Geographic name TCC-22
9 (RLIN) 131223
700 ## - ADDED ENTRY--PERSONAL NAME
Personal name Supervised by asst Prof Zeeshan Zahid
9 (RLIN) 132190
942 ## - ADDED ENTRY ELEMENTS (KOHA)
Koha item type Project Report
Source of classification or shelving scheme
Holdings
Withdrawn status Lost status Source of classification or shelving scheme Damaged status Not for loan Permanent Location Current Location Shelving location Date acquired Full call number Barcode Date last seen Price effective from Koha item type Public note
          Military College of Signals (MCS) Military College of Signals (MCS) Reference 12/12/2016 621.382,NAW MCSPTC-233 12/08/2016 12/12/2016 Project Report Almirah No. 94, Shelf No. 4
© 2023 Central Library, National University of Sciences and Technology. All Rights Reserved.